Pokémon - Les nouveautés introduites en 2ème génération - Statistiques

Statistiques générales
  • Ce quiz a été pris 192 fois
    176 depuis la dernière actualisation
  • Le résultat moyen est 5 sur 10
Answers on the Grid
Answers color-coded by a green-red scale on the quiz's grid according to % correct below.
Introduction du type Acier
Introduction du type Fée
La bicyclette
La canne à pêche
La pension
La reproduction
La tour de combat
Le bonheur
Le cycle jour/nuit
Le multi-exp
Le PokéNav
Le sac à dos thématique
Le split physique/spécial des attaques
Les baies
Les capacités Z
Les CS
Les natures
Les objets à tenir
Les œufs
Les pierres d'évolution
Les Pokémon chromatiques
Les raids
Les saisons
Les talents
 
Statistiques - réponses
Réponse % Correct
Le cycle jour/nuit
59%
Introduction du type Acier
56%
Le bonheur
56%
Les œufs
52%
Les Pokémon chromatiques
52%
La reproduction
47%
Les baies
44%
Le sac à dos thématique
33%
Les objets à tenir
33%
La tour de combat
32%
Aucun quiz correspondant
Distribution des résultats
% des personnes avec chaque résultat
Percentile par nombre de réponses
Votre historique - résultats
Vous n’avez pas pris ce quiz depuis la dernière actualisation